000 00792cam a22002653a 4500
001 15517
003 PGUSA
005 20140828083330.0
008 050401s2005||||xxu|||||s|||||000 | eng d
040 _aPGUSA
_beng
042 _adc
050 4 _aSB
100 1 _aEvelyn, John,
_d1620-1706
245 1 0 _aAcetaria :
_bA Discourse of Sallets
_h[electronic resource] /
_cJohn Evelyn
260 _bProject Gutenberg,
_c2005
506 _aPublic domain in the USA.
516 _aElectronic text
653 _aHerbs -- Early works to 1800
653 _aVegetables -- Early works to 1800
653 _aSalads -- Early works to 1800
653 _aSalad greens -- Early works to 1800
830 0 _aProject Gutenberg
_v15517
856 4 0 _uhttp://www.gutenberg.org/ebooks/15517
942 _cEB
999 _c244772
_d244772